000 00921cam a2200217 a 4500
005 20131028104813.0
008 991214s2000 dcu 001 0 eng
020 _a0815780966
020 _a0815780958
080 _a327
100 1 _aSteinbruner, John D.,
_d1941-
245 1 0 _aPrinciples of global security /
_cJohn D. Steinbruner.
260 _aWashington, D.C. :
_bBrookings Institution Press,
_cc2000.
300 _axi, 270 p. ;
_c24 cm.
500 _aIncludes index.
500 _aForeword : f. VII-IX
650 0 _aSiguria
650 0 _aMarrëdhëniet ekonomike ndërkombëtare
942 _2udc
_cBK
999 _c181
_d181